000 00387nam a2200157Ia 4500
003 GCL
008 140319s9999 xx 000 0 eng d
040 _aGCL /
_cGCL
082 0 4 _aCH
_b032
_bB D
100 1 _aBONANNI, ANDREA
245 1 0 _aDEAR TELL ME THE ANSWER /
_cBONANNI, ANDREA
260 _a[S.N] :
_bDEAN ،
_c1991
300 _a413 PP
650 0 4 _aKNOWLEDGE
942 _2ddc
_cBK
999 _c17842
_d17842